The morphology of human blood cells (Record no. 2421)
[ view plain ]
| 000 -LEADER | |
|---|---|
| fixed length control field | 00559nam a22001931 4500 |
| 001 - CONTROL NUMBER | |
| control field | 3583380 |
| 005 - DATE AND TIME OF LATEST TRANSACTION | |
| control field | 20241217144151.0 |
| 008 - FIXED-LENGTH DATA ELEMENTS--GENERAL INFORMATION | |
| fixed length control field | 850906s1956 paua 000 0 eng |
| 050 00 - LIBRARY OF CONGRESS CALL NUMBER | |
| Classification number | QP91 |
| Item number | .D5 |
| 082 00 - DEWEY DECIMAL CLASSIFICATION NUMBER | |
| Classification number | 612.11 |
| 100 1# - MAIN ENTRY--PERSONAL NAME | |
| Personal name | Diggs, L. W. |
| Fuller form of name | (Lemuel W.) |
| 245 14 - TITLE STATEMENT | |
| Title | The morphology of human blood cells |
| Statement of responsibility, etc. | [by] L.W. Diggs, Dorothy Sturm [and] Ann Bell. |
| 260 ## - PUBLICATION, DISTRIBUTION, ETC. | |
| Place of publication, distribution, etc. | USA |
| Name of publisher, distributor, etc. | Abbott Laboratories |
| Date of publication, distribution, etc. | 1985 |
| 300 ## - PHYSICAL DESCRIPTION | |
| Extent | 92 p. |
| Other physical details | illus. color |
| Dimensions | 28 cm. |
| 650 #0 - SUBJECT ADDED ENTRY--TOPICAL TERM | |
| Topical term or geographic name entry element | Blood cells. |
| 700 ## - ADDED ENTRY--PERSONAL NAME | |
| Personal name | Sturm, Dorothy |
| 700 ## - ADDED ENTRY--PERSONAL NAME | |
| Personal name | Bell, Ann |
| 942 ## - ADDED ENTRY ELEMENTS (KOHA) | |
| Source of classification or shelving scheme | Library of Congress Classification |
| Koha item type | Books |
| Edition | 5th ed. |
| Suppress in OPAC | No |
| 999 ## - | |
| -- | 2421 |
| -- | 2421 |
| Withdrawn status | Lost status | Source of classification or shelving scheme | Damaged status | Not for loan | Collection | Home library | Current library | Shelving location | Date acquired | Total checkouts | Full call number | Barcode | Date last seen | Copy number | Price effective from | Koha item type |
|---|---|---|---|---|---|---|---|---|---|---|---|---|---|---|---|---|
| Library of Congress Classification | Non-fiction | Science Library (Miotso) | Science Library (Miotso) | General stacks | 12/17/2024 | QP91 .D5 DIG | SLM00001719 | 12/17/2024 | 1 | 12/17/2024 | Books |